Golmaal Returns & Golmaal (2in1) (Record no. 34390)
[ view plain ]
| 000 -LEADER | |
|---|---|
| fixed length control field | 03283ngm a2200493 4500 |
| 003 - CONTROL NUMBER IDENTIFIER | |
| control field | dpl |
| 005 - DATE AND TIME OF LATEST TRANSACTION | |
| control field | 20100304120332.0 |
| 007 - PHYSICAL DESCRIPTION FIXED FIELD--GENERAL INFORMATION | |
| fixed length control field | ta |
| 008 - FIXED-LENGTH DATA ELEMENTS--GENERAL INFORMATION | |
| fixed length control field | ||||||sp199 xxu|||||c ||| 00| 0 ng d |
| 010 ## - LIBRARY OF CONGRESS CONTROL NUMBER | |
| LC control number | DVD-005865-5872 & DVD-006810 |
| 024 ## - OTHER STANDARD IDENTIFIER | |
| Standard number or code | DHIF1550S/1551S |
| Terms of availability | 99.00 |
| 035 ## - SYSTEM CONTROL NUMBER | |
| System control number | DVD-005865-5872 |
| 035 ## - SYSTEM CONTROL NUMBER | |
| System control number | DVD-006810 |
| 040 ## - CATALOGING SOURCE | |
| Original cataloging agency | DPL |
| Transcribing agency | DPL |
| 082 ## - DEWEY DECIMAL CLASSIFICATION NUMBER | |
| Classification number | DVD GOLM |
| 245 ## - TITLE STATEMENT | |
| Title | Golmaal Returns & Golmaal (2in1) |
| Statement of responsibility, etc | Shree Ashtavinayak Cine Vision Presents |
| Medium | [videorecording] DVD/ |
| 260 ## - PUBLICATION, DISTRIBUTION, ETC. (IMPRINT) | |
| Name of publisher, distributor, etc | Moserbaer Entertainment |
| 300 ## - PHYSICAL DESCRIPTION | |
| Extent | 2 videodisc DVD; |
| Other physical details | sd., col. ; |
| Dimensions | 4 3/4 in. |
| Type of unit | DVD |
| 440 ## - SERIES STATEMENT/ADDED ENTRY--TITLE | |
| Title | Moserbaer Home Entertainment |
| 500 ## - GENERAL NOTE | |
| General note | Moserbaer India Ltd. has obtained the necessary license/consent from the owner of the copyright in the wroks for making this DVD Film. |
| 538 ## - SYSTEM DETAILS NOTE | |
| System details note | Dolby Digital 5.1 - Hindi Subtitles: English |
| 538 ## - SYSTEM DETAILS NOTE | |
| System details note | This DVD can be played back on DVD Players, multimedia systems & PC with MPEG card interactive with version 2.0 players. |
| 650 ## - SUBJECT ADDED ENTRY--TOPICAL TERM | |
| Topical term or geographic name as entry element | Motion Picture |
| 700 ## - ADDED ENTRY--PERSONAL NAME | |
| Personal name | Shetty, Rohit |
| 700 ## - ADDED ENTRY--PERSONAL NAME | |
| Personal name | Pritam |
| 700 ## - ADDED ENTRY--PERSONAL NAME | |
| Personal name | Sameer |
| 700 ## - ADDED ENTRY--PERSONAL NAME | |
| Personal name | Devgan, Ajay |
| 700 ## - ADDED ENTRY--PERSONAL NAME | |
| Personal name | Kapoor, Karina |
| 700 ## - ADDED ENTRY--PERSONAL NAME | |
| Personal name | Warsi, Arshad |
| 700 ## - ADDED ENTRY--PERSONAL NAME | |
| Personal name | Kapoor, Tushar |
| 700 ## - ADDED ENTRY--PERSONAL NAME | |
| Personal name | Talpade, Shreyas |
| 942 ## - ADDED ENTRY ELEMENTS (KOHA) | |
| Koha item type | CD-ROMs, DVDs, VHS |
| Source of classification or shelving scheme | Dewey Decimal Classification |
| Classification part | DVD |
| Call number suffix | GOLM |
| Withdrawn status | Lost status | Source of classification or shelving scheme | Damaged status | Not for loan | Home library | Current library | Date acquired | Source of acquisition | Cost, normal purchase price | Total Checkouts | Full call number | Barcode | Date last seen | Date checked out | Copy number | Cost, replacement price | Price effective from | Koha item type |
|---|---|---|---|---|---|---|---|---|---|---|---|---|---|---|---|---|---|---|
| Dewey Decimal Classification | Central Library | Central Library | 04/03/2010 | Pioneers/1003/28-11-09/325/13-10-09 /30-11-09 | 99.00 | 19 | DVD GOLM | DVD-005865 | 28/01/2014 | 15/01/2014 | 1 | 99.00 | 04/03/2010 | CD-ROMs, DVDs, VHS | ||||
| Dewey Decimal Classification | Janak Puri | Janak Puri | 16/03/2010 | Pioneers/1010/30-12-09/325/13-10-09 /30-12-09 | 99.00 | 17 | DVD GOLM | DVD-006810 | 07/07/2012 | 30/06/2012 | 1 | 99.00 | 16/03/2010 | CD-ROMs, DVDs, VHS | ||||
| Dewey Decimal Classification | Karol Bagh | Karol Bagh | 04/03/2010 | Pioneers/1003/28-11-09/325/13-10-09 /30-11-09 | 99.00 | 6 | DVD GOLM | DVD-005870 | 21/01/2013 | 07/01/2013 | 1 | 99.00 | 04/03/2010 | CD-ROMs, DVDs, VHS | ||||
| Dewey Decimal Classification | Narela | Narela | 04/03/2010 | Pioneers/1003/28-11-09/325/13-10-09 /30-11-09 | 99.00 | 12 | DVD GOLM | DVD-005871 | 08/10/2012 | 06/10/2012 | 1 | 99.00 | 04/03/2010 | CD-ROMs, DVDs, VHS | ||||
| Dewey Decimal Classification | Patel Nagar | Patel Nagar | 04/03/2010 | Pioneers/1003/28-11-09/325/13-10-09 /30-11-09 | 99.00 | 16 | DVD GOLM | DVD-005866 | 30/04/2014 | 28/03/2014 | 1 | 99.00 | 04/03/2010 | CD-ROMs, DVDs, VHS | ||||
| Dewey Decimal Classification | R.K.Puram-8 | R.K.Puram-8 | 04/03/2010 | Pioneers/1003/28-11-09/325/13-10-09 /30-11-09 | 99.00 | DVD GOLM | DVD-005868 | 04/03/2010 | 1 | 99.00 | 04/03/2010 | CD-ROMs, DVDs, VHS | ||||||
| Dewey Decimal Classification | Sarojini Nagar | Sarojini Nagar | 04/03/2010 | Pioneers/1003/28-11-09/325/13-10-09 /30-11-09 | 99.00 | 17 | DVD GOLM | DVD-005867 | 31/12/2015 | 28/12/2015 | 1 | 99.00 | 04/03/2010 | CD-ROMs, DVDs, VHS | ||||
| Dewey Decimal Classification | Shahdara Branch | Shahdara Branch | 04/03/2010 | Pioneers/1003/28-11-09/325/13-10-09 /30-11-09 | 99.00 | DVD GOLM | DVD-005872 | 04/03/2010 | 1 | 99.00 | 04/03/2010 | CD-ROMs, DVDs, VHS | ||||||
| Dewey Decimal Classification | Vinoba Puri | Vinoba Puri | 04/03/2010 | Pioneers/1003/28-11-09/325/13-10-09 /30-11-09 | 99.00 | 7 | DVD GOLM | DVD-005869 | 10/09/2013 | 27/08/2013 | 1 | 99.00 | 04/03/2010 | CD-ROMs, DVDs, VHS |
